Statistics for German Vocabulary "L"

Click here to take the quiz!

General Stats

  • This quiz has been taken 150 times
  • The average score is 13 of 20

Answer Stats

GermanEnglish% Correct
Liebelove
98%
lesenread
93%
Leben (noun)life
88%
linksleft
87%
Leutepeople
85%
langweiligboring
82%
langsamslow
81%
lachenlaugh
80%
Liedsong
77%
Löwelion
75%
Löffelspoon
70%
lügenlie
65%
Lilielily
60%
leerempty
55%
Längelength
52%
LettlandLatvia
48%
Landwirtschaftagriculture
42%
Lachssalmon
42%
Lastwagentruck
40%
Lesezeichenbookmark
16%

Score Distribution

Percentile by Number Answered

Percent of People with Each Score

Your Score History

You have not taken this quiz